Giải pháp nâng cao năng lực tư vấn việc làm cho nhân viên tư vấn trong hỗ trợ người thất nghiệp /

Сохранить в:
Библиографические подробности
Главный автор: Trịnh Hoàn Thúy Uyên.
Формат: Статья
Язык:Vietnamese
Предметы:
Метки: Добавить метку
Нет меток, Требуется 1-ая метка записи!
Thư viện lưu trữ: Thư viện Trường Đại học Đà Lạt
LEADER 00881nam a2200277 4500
001 DLU150168701
005 ##20150409
040 # # |a DLU  |b vie 
041 # # |a vie 
044 # # |a vn 
100 # # |a Trịnh Hoàn Thúy Uyên. 
245 # # |a Giải pháp nâng cao năng lực tư vấn việc làm cho nhân viên tư vấn trong hỗ trợ người thất nghiệp /  |c Trịnh Hoàn Thúy Uyên. 
653 # # |a Công tác quản lí 
653 # # |a Hỗ trợ 
653 # # |a Tư vấn việc làm 
653 # # |a Thất nghiệp 
773 # # |t Tạp chí Giáo Dục  |g Số 321(1), 11/ 2013, tr.62-63 
920 # # |a Phòng Tạp chí -- Trung tâm Thông tin - Thư viện Trường Đại học Đà Lạt 
994 # # |a DLU 
900 # # |a True 
911 # # |a Trần Thị Minh Hương 
925 # # |a G 
926 # # |a A 
927 # # |a BB 
980 # # |a Thư viện Trường Đại học Đà Lạt